header

The trickster comes west (Record no. 156235)

MARC details
000 -LEADER
fixed length control field 02117nam a2200421 a 4500
082 04 - DEWEY DECIMAL CLASSIFICATION NUMBER
Classification number 810.9/8960729
100 1# - MAIN ENTRY--AUTHOR NAME
Personal name M'Baye, Babacar,
245 14 - TITLE STATEMENT
Title The trickster comes west
260 ## - PUBLICATION, DISTRIBUTION, ETC. (IMPRINT)
Place of publication Jackson :
Name of publisher University Press of Mississippi,
Year of publication c2009.
300 ## - PHYSICAL DESCRIPTION
Number of Pages x, 247 p.
505 0# - FORMATTED CONTENTS NOTE
Formatted contents note African and Puritan dimensions of Phillis Wheatley's poems and letters -- Pan-Africanism in Quobna Ottobah Cugoano's liberation discourse -- Pan-Africanism in Olaudah Equiano's interesting narrative -- Africanism and Methodism in the works of Elizabeth Hart Thwaites and Anne Hart Gilbert -- African and Caribbean patterns in Mary Prince's resistance.
650 #0 - SUBJECT ADDED ENTRY--TOPICAL TERM
Topical Term Caribbean literature (English)
Topical Term American literature
Topical Term Blacks
Topical Term Pan-Africanism in literature.
Topical Term Slave narratives
Topical Term Tricksters in literature.
Topical Term African diaspora in literature.
Topical Term Slavery in literature.
856 40 - ELECTRONIC LOCATION AND ACCESS
Uniform Resource Identifier http://site.ebrary.com/lib/rucke/Doc?id=10340774

No items available.

© 2026 Rongo University
Contact us: librarian | system librarian | Rongo university